| 000 | 00529nam a22001817a 4500 | ||
|---|---|---|---|
| 003 | CEME | ||
| 005 | 20210628204049.0 | ||
| 008 | 210107b xxu||||| |||| 00| 0 eng d | ||
| 020 | _a9780470890837 | ||
| 040 | _cceme | ||
| 082 | _a621.3824 HAW | ||
| 100 |
_aHansen, Robert C, Collin, Robert E _968537 |
||
| 245 | _aSmall antenna handbook | ||
| 260 |
_aUSA _bJOHN WILEY & SONS _c2011 |
||
| 300 | _aXIV, 346P | ||
| 650 |
_aANTENNA.ANTENNAS-ELECTRONICS.MINIATURE ELECTRONIC EQUIPMENT.ANTENNA HANDBOOK. _968538 |
||
| 942 |
_cBK _2ddc |
||
| 999 |
_c576088 _d576088 |
||